Lloyd’s Introduction to Jurisprudence
| Autore principale: | |
|---|---|
| Natura: | Sconosciuto |
| Pubblicazione: |
Sweet and Maxwell
2018
|
| LEADER | 00213 a2200085 4500 | ||
|---|---|---|---|
| 020 | |a 9780414026728 | ||
| 100 | |a Michael Freeman | ||
| 245 | |a Lloyd’s Introduction to Jurisprudence | ||
| 260 | |b Sweet and Maxwell |c 2018 | ||
| 999 | |c 41694 |d 41694 | ||